Technické tabulky

Salvato in:
Dettagli Bibliografici
Natura: Libro
Lingua:ceco
Pubblicazione: Praha Stát. nakl. techn. lit. 1986
Edizione:2. přeprac. vyd.
Tags: Aggiungi Tag
Nessun Tag, puoi essere il primo ad aggiungerne!!

MARC

LEADER 00000nam a2200000 4500
001 c103393
005 20260320114843.5
041 0 |a cze 
044 |a CZ 
245 1 0 |a Technické tabulky  |c Zdeněk Klepš, Jiří Nožička 
250 |a 2. přeprac. vyd. 
264 1 |a Praha  |b Stát. nakl. techn. lit.  |c 1986 
300 |a 347 s.